Nghiên cứu so sánh đổi mới kinh tế ở Việt Nam và cải cách kinh tế ở Trung Quốc

Uloženo v:
Podrobná bibliografie
Hlavní autor: Lê Hữu Tầng
Médium: Kniha
Jazyk:Undetermined
Vydáno: H. CTQG 2002
Témata:
Tagy: Přidat tag
Žádné tagy, Buďte první, kdo otaguje tento záznam!
Thư viện lưu trữ: Trung tâm Học liệu Trường Đại học Cần Thơ
LEADER 00724nam a2200217Ia 4500
001 CTU_53813
008 210402s9999 xx 000 0 und d
020 |b 90000 
020 |c 90000 
082 |a 330.95 
082 |b T122 
100 |a Lê Hữu Tầng 
245 0 |a Nghiên cứu so sánh đổi mới kinh tế ở Việt Nam và cải cách kinh tế ở Trung Quốc 
245 0 |c Lê Hữu Tầng và Lưu Hàm Nhạc 
260 |a H. 
260 |b CTQG 
260 |c 2002 
650 |a vietnam,china 
650 |x developing countries,economic conditions,developing countries,economic conditions 
904 |i Minh 
980 |a Trung tâm Học liệu Trường Đại học Cần Thơ